000 00555nam a2200229Ia 4500
005 20250425162511.0
008 250425s9999 xx 000 0 und d
020 _a9780768685763
041 _aeng
043 _axxu
082 _a004.6
100 _aBLACK, UYLESS
245 0 _aSAMS TEACH YOURSELF NETWORKING IN 24 HOURS
250 _a4TH ED.
260 _aEstados Unidos
_bSAMS
_c2009
260 _aINDIANAPOLIS
300 _a416
650 _aBANDA ANCHA INALAMBRICA
650 _aREDES DE COMPUTADORAS
942 _c01
010 _a78606
999 _c230485
_d230485